000 00515nam a22001817a 4500
005 20171031121052.0
010 _aENG-121152
020 _a8123778503
_c410.00
035 _aEN-104684
037 _bDBAD/PUB
082 _aN
100 _aMoulik, Achala
245 _aDangerous dispatches /
_cby Achala Moulik
260 _aNew Delhi
_bNational Book Trust, India
_c2016
270 _aNehru Bhawan, 5 Industitutional Area, Phase=II
_bNew Delhi
_e110070
300 _a379p.
_c24cm(pbk)
942 _2ddc
_cEN
_hN
_mMOU
999 _c147020
_d147020